| 000 | 00533nam a2200193Ia 4500 | ||
|---|---|---|---|
| 005 | 20250508152602.0 | ||
| 008 | 008 250505s9999 xx 000 0 hin d | ||
| 020 | _a81-85829-45-4 | ||
| 037 | _aTextual | ||
| 040 |
_aFEDL _beng _cFEDL |
||
| 041 |
_ahin _2eng |
||
| 084 |
_a891.43, SAD _qFEDL |
||
| 100 |
_aSadhak Ragunath Prasad _9761869 |
||
| 245 | 0 | _aSamalochna sastra | |
| 260 |
_aNew Delhi, India _bNav Sahitya Prakashan _c1956 |
||
| 300 | _a430p. | ||
| 942 |
_cTEXL _h891.43, SAD |
||
| 999 |
_c1337421 _d1337421 |
||